00354nam a2200133Ia 4500003000900000008004100009040001300050040001300063100001400076245009300090260002300183300000800206490000600214IT-RoPAU120407s9999 xx 000 0 und d aIT-RoPAU cIT-RoPAU aIan Petit aDestinati alla salvezza non all'ira. Le false idee su Dio e la verità€ che ci fa liberi aSan Paolo Edizioni c cm v1